书目信息 |
| 题名: |
元素地球化学
|
|
| 作者: | 牟保磊 编著 | |
| 分册: | ||
| 出版信息: | 北京 北京大学出版社 1999.04 |
|
| 页数: | 227页 | |
| 开本: | 16开 | |
| 丛书名: | ||
| 单 册: | ||
| 中图分类: | X142 | |
| 科图分类: | ||
| 主题词: | 环境地学 | |
| 电子资源: | ||
| ISBN: | 7-301-04056-3 | |
| 000 | 00539nam0 2200193 45 | |
| 001 | 0007291172 | |
| 005 | 20001002200920.4 | |
| 010 | @a7-301-04056-3@d20.00元 | |
| 100 | @a20000729d1999 km y0chiy0120 ea | |
| 101 | 0 | @achi |
| 105 | @a z 000yy | |
| 200 | 1 | @a元素地球化学@AYuan Su Di Qiu Hua Xue@f牟保磊 编著@FMu Bao Lei Bian Zhu |
| 210 | @a北京@c北京大学出版社@d1999.04 | |
| 215 | @a227页@d16开 | |
| 606 | 0 | @a环境地学 |
| 690 | @aX142@v3 | |
| 701 | 0 | @a牟保磊@4编著 |
| 801 | @aCN@bPftUser@c20000729 | |
| 905 | @dX142@eM417@b412028-032@f5 | |
| 元素地球化学/牟保磊 编著.-北京:北京大学出版社,1999.04 |
| 227页;16开 |
| ISBN 7-301-04056-3:20.00元 |
| ● |
| 相关链接 |
|
|
|
正题名:元素地球化学
索取号:X142/M417
 
预约/预借
| 序号 | 登录号 | 条形码 | 馆藏地/架位号 | 状态 | 备注 |
| 1 | 412028 | 204120281 | 期刊室512/501自科库 62排4列5层/ [索取号:X142/M417] | 在馆 | |
| 2 | 412029 | 204120290 | 自科库501/501自科库 62排4列5层/ [索取号:X142/M417] | 在馆 | |
| 3 | 412030 | 204120307 | 期刊室512/501自科库 62排4列5层/ [索取号:X142/M417] | 在馆 | |
| 4 | 412031 | 204120316 | 期刊室512/501自科库 62排4列5层/ [索取号:X142/M417] | 在馆 | |
| 5 | 412032 | 204120325 | 期刊室512/501自科库 62排4列5层/ [索取号:X142/M417] | 在馆 |